[Event "Titled Tuesday intern op 16th Apr Early"]
[Site "Chess.com INT"]
[Date "2024.04.16"]
[Round "4"]
[White "Fernandez Hernandez, Gerardo"]
[Black "Falkevall, Axel"]
[Result "1-0"]
[WhiteElo "2161"]
[BlackElo "2284"]
[PlyCount "65"]
[EventDate "2024.04.16"]
[EventType "swiss (blitz)"]
[EventRounds "11"]
[EventCountry "USA"]
[SourceTitle "CB17_2024"]
[SourceDate "2024.04.24"]
[SourceVersion "1"]
[SourceVersionDate "2024.04.24"]
[SourceQuality "1"]

1. e4 c5 2. d3 g6 3. g3 Bg7 4. Bg2 Nc6 5. f4 d6 6. Nf3 e6 7. 0-0 Nge7 8. c3 0-0 9. Be3 Rb8 10. d4 cxd4 11. cxd4 d5 12. e5 Nf5 13. Bf2 h5 14. Nc3 b5 15. Rc1 Ba6 16. Nxd5 Qxd5 17. Ng5 Qxa2 18. Bxc6 Bb7 19. Bxb7 Rxb7 20. Qc2 Qd5 21. Rfd1 h4 22. Qc6 hxg3 23. hxg3 Rd7 24. Rc5 Qb3 25. Rd2 Rd5 26. Rxd5 exd5 27. e6 f6 28. e7 Nxe7 29. Qe6+ Kh8 30. Nf7+ Rxf7 31. Qxf7 Qb4 32. Be1 f5 33. Rh2+ 1-0

[Event "Uppsala Young Champions 10th"]
[Site "Uppsala"]
[Date "2023.10.31"]
[Round "7"]
[White "Gavrilescu, David"]
[Black "Falkevall, Axel"]
[Result "0-1"]
[WhiteElo "2534"]
[BlackElo "2280"]
[PlyCount "96"]
[EventDate "2023.10.27"]
[EventType "swiss"]
[EventRounds "9"]
[EventCountry "SWE"]
[SourceTitle "Mega2024 Update 01"]
[Source "Chessbase"]
[SourceDate "2023.11.12"]
[SourceVersion "1"]
[SourceVersionDate "2023.11.12"]
[SourceQuality "1"]

1. Nf3 Nf6 2. c4 g6 3. d4 Bg7 4. e3 0-0 5. h3 d6 6. Nc3 Nbd7 7. Be2 e5 8. 0-0 Re8 9. Qc2 Qe7 10. b4 e4 11. Nh2 h5 12. a4 Nf8 13. a5 N8h7 14. Bb2 Bf5 15. Rfd1 Ng5 16. Bf1 Bh6 17. a6 b6 18. d5 Ngh7 19. Nb5 g5 20. Qc3 Bg7 21. c5 Red8 22. cxd6 cxd6 23. Rac1 Rdc8 24. Qd2 g4 25. Rc6 Rxc6 26. dxc6 d5 27. hxg4 hxg4 28. Be2 Be6 29. Be5 Ng5 30. Qc3 Nf3+ 31. Bxf3 gxf3 32. Bd6 Qd8 33. c7 Qd7 34. Be5 Ne8 35. Bxg7 Nxg7 36. Nd4 Rc8 37. Rc1 Ne8 38. Nc6 Rxc7 39. gxf3 f6 40. Kh1 Kh8 41. b5 Qh7 42. Rg1 Qh6 43. f4 Rh7 44. Rg2 Bh3 45. Rg3 Bg4 46. Kg1 Qxh2+ 47. Kf1 Qh1+ 48. Rg1 Qxg1+ 0-1

[Event "Uppsala Young Champions 10th"]
[Site "Uppsala"]
[Date "2023.10.29"]
[Round "4"]
[White "Steiners, Emils"]
[Black "Falkevall, Axel"]
[Result "1/2-1/2"]
[WhiteElo "1914"]
[BlackElo "2280"]
[PlyCount "96"]
[EventDate "2023.10.27"]
[EventType "swiss"]
[EventRounds "9"]
[EventCountry "SWE"]
[SourceTitle "Mega2024 Update 01"]
[Source "Chessbase"]
[SourceDate "2023.11.12"]
[SourceVersion "1"]
[SourceVersionDate "2023.11.12"]
[SourceQuality "1"]

1. d4 Nf6 2. c4 g6 3. Nc3 Bg7 4. e4 d6 5. Be2 0-0 6. Bg5 c5 7. d5 h6 8. Be3 e6 9. Nf3 exd5 10. exd5 Re8 11. h3 Rxe3 12. fxe3 Qe7 13. Qd2 Nbd7 14. 0-0 Ne5 15. a3 h5 16. b4 Bh6 17. Kh1 b6 18. Rae1 Bd7 19. Nxe5 Qxe5 20. Bd3 Bg7 21. bxc5 bxc5 22. Rb1 Re8 23. Rf3 Ng4 24. hxg4 hxg4 25. Rff1 Qh5+ 26. Kg1 g3 27. Rf4 Bh6 28. Ne4 Qh2+ 29. Kf1 Bxf4 30. exf4 Bg4 31. Qe3 Rxe4 32. Bxe4 Qh1+ 33. Qg1 Qh6 34. Qe3 Qh1+ 35. Qg1 Qh6 36. Bf3 Qxf4 37. Ke2 Qxc4+ 38. Kd2 Qa2+ 39. Ke3 Bf5 40. Rb8+ Kg7 41. Kf4 Qd2+ 42. Kxg3 Qg5+ 43. Kf2 Qd2+ 44. Be2 Qd4+ 45. Kf1 Qa1+ 46. Kf2 Qd4+ 47. Kf1 Qa1+ 48. Kf2 Qd4+ 1/2-1/2

[Event "SWE-ch U20"]
[Site "Helsingborg"]
[Date "2023.07.07"]
[Round "7"]
[White "Carlsson, Ludvig"]
[Black "Falkevall, Axel"]
[Result "1/2-1/2"]
[WhiteElo "2373"]
[BlackElo "2311"]
[PlyCount "106"]
[EventDate "2023.07.01"]
[EventType "tourn"]
[EventRounds "9"]
[EventCountry "SWE"]
[SourceTitle "CBM 215 Extra"]
[Source "ChessBase"]
[SourceDate "2023.09.30"]
[SourceVersion "1"]
[SourceVersionDate "2023.09.30"]
[SourceQuality "1"]

1. e4 e5 2. Nf3 Nc6 3. Bb5 a6 4. Ba4 Nf6 5. 0-0 Be7 6. Re1 b5 7. Bb3 0-0 8. c3 d5 9. exd5 Nxd5 10. Nxe5 Nxe5 11. Rxe5 c6 12. d3 Bd6 13. Re1 Bf5 14. Qf3 Re8 15. Rxe8+ Qxe8 16. Nd2 Qe1+ 17. Nf1 Bg6 18. g3 b4 19. c4 Nf6 20. Qxc6 Rd8 21. Qb6 Rd7 22. Bc2 Ng4 23. Rb1 Qe2 24. Bd2 Ne5 25. Qe3 Qh5 26. Bd1 Qf5 27. c5 Bf8 28. Be2 Nxd3 29. c6 Rc7 30. Bxd3 Qxd3 31. Rc1 Qd5 32. Qb6 Qf3 33. Qe3 Be4 34. Qxf3 Bxf3 35. a3 bxa3 36. bxa3 Rxc6 37. Rxc6 Bxc6 38. Bb4 g6 39. Bxf8 Kxf8 40. Ne3 Ke7 41. Kf1 Bb5+ 42. Ke1 Kd6 43. Kd2 Ke5 44. Ng4+ Kd4 45. h4 h5 46. Ne3 Ke4 47. Nc2 f6 48. Ne1 Kd4 49. Ng2 Bd7 50. Nf4 Bf5 51. f3 Kc4 52. g4 hxg4 53. fxg4 Bxg4 1/2-1/2

[Event "Deltalift op"]
[Site "Tylosand"]
[Date "2023.05.18"]
[Round "4"]
[White "Hector, Jonny"]
[Black "Falkevall, Axel"]
[Result "1-0"]
[WhiteElo "2482"]
[BlackElo "2293"]
[PlyCount "111"]
[EventDate "2023.05.18"]
[EventType "swiss"]
[EventRounds "8"]
[EventCountry "SWE"]
[SourceTitle "CBM 214 Extra"]
[Source "ChessBase"]
[SourceDate "2023.07.31"]
[SourceVersion "1"]
[SourceVersionDate "2023.07.31"]
[SourceQuality "1"]

1. e4 e5 2. Nf3 Nc6 3. d4 exd4 4. Nxd4 Nf6 5. Nxc6 bxc6 6. e5 Qe7 7. Qe2 Nd5 8. h4 Qe6 9. g3 d6 10. c4 Nb6 11. Bf4 dxe5 12. Qxe5 Bb4+ 13. Nc3 0-0 14. Qxe6 Bxe6 15. 0-0-0 Bxc3 16. bxc3 Bxc4 17. Bxc4 Nxc4 18. Rd4 Nd6 19. Bxd6 cxd6 20. Rxd6 Rfd8 21. Rhd1 Rxd6 22. Rxd6 Kf8 23. Rxc6 Ke7 24. Ra6 Kd7 25. h5 h6 26. Kc2 Kc7 27. Ra4 Kb6 28. Re4 Rd8 29. Re7 Rd5 30. Rxf7 Rxh5 31. Rxg7 Ra5 32. Rg6+ Kb7 33. Kb3 Rb5+ 34. Kc4 Rb2 35. f4 Rxa2 36. Rxh6 Rf2 37. Rf6 Rg2 38. Rg6 Rf2 39. Kb5 Rb2+ 40. Kc5 a5 41. f5 a4 42. Rg4 a3 43. Ra4 a2 44. g4 Rg2 45. Kd5 Kb6 46. f6 Rf2 47. Ke6 Re2+ 48. Kf7 Rg2 49. g5 Kb5 50. Ra3 Rxg5 51. Rxa2 Rg3 52. Ke7 Re3+ 53. Kf8 Rxc3 54. f7 Kc6 55. Rd2 Re3 56. Rg2 1-0

[Event "Norrkoeping Easter op"]
[Site "Norrkoeping"]
[Date "2023.04.09"]
[Round "6"]
[White "Ask, Josef"]
[Black "Falkevall, Axel"]
[Result "1/2-1/2"]
[WhiteElo "2173"]
[BlackElo "2297"]
[PlyCount "64"]
[EventDate "2023.04.07"]
[EventType "swiss"]
[EventRounds "8"]
[EventCountry "SWE"]
[SourceTitle "CBM 213 Extra"]
[Source "ChessBase"]
[SourceDate "2023.05.31"]
[SourceVersion "1"]
[SourceVersionDate "2023.05.31"]
[SourceQuality "1"]

1. c4 Nf6 2. Nc3 g6 3. g3 Bg7 4. Bg2 0-0 5. d3 d6 6. Nf3 c5 7. 0-0 Nc6 8. Bd2 h6 9. Rb1 Rb8 10. a3 a5 11. Nb5 e5 12. Bc3 Be6 13. Qa4 Qd7 14. Rfd1 Ne8 15. e3 Bh3 16. Bh1 f5 17. d4 cxd4 18. exd4 e4 19. Ne1 Kh7 20. d5 Ne5 21. Bxe5 Bxe5 22. Qxa5 f4 23. Bxe4 fxg3 24. hxg3 Qg4 25. Bg2 Rxf2 26. Kxf2 Qxg3+ 27. Ke2 Bg4+ 28. Bf3 Qh2+ 29. Ke3 Qg1+ 30. Ke2 Qh2+ 31. Ke3 Qg1+ 32. Ke2 Qh2+ 1/2-1/2

[Event "Norrkoeping Easter op"]
[Site "Norrkoeping"]
[Date "2023.04.08"]
[Round "4"]
[White "Madebrink, Lars"]
[Black "Falkevall, Axel"]
[Result "1-0"]
[WhiteElo "2093"]
[BlackElo "2297"]
[PlyCount "141"]
[EventDate "2023.04.07"]
[EventType "swiss"]
[EventRounds "8"]
[EventCountry "SWE"]
[SourceTitle "CBM 213 Extra"]
[Source "ChessBase"]
[SourceDate "2023.05.31"]
[SourceVersion "1"]
[SourceVersionDate "2023.05.31"]
[SourceQuality "1"]

1. d4 Nf6 2. c4 g6 3. g3 Bg7 4. Bg2 0-0 5. Nc3 d6 6. Nf3 c5 7. 0-0 Nc6 8. d5 Na5 9. Nd2 e6 10. Rb1 exd5 11. cxd5 Re8 12. b3 Rb8 13. a3 b5 14. b4 cxb4 15. axb4 Nc4 16. Nxc4 bxc4 17. Qc2 Bd7 18. h3 Qc7 19. e4 h5 20. Be3 Qc8 21. Kh2 h4 22. Bxa7 Rb7 23. Be3 hxg3+ 24. fxg3 Nh5 25. Ne2 Be5 26. Nf4 Nf6 27. Qf2 Kg7 28. Bd4 Qd8 29. Bxe5 dxe5 30. Ne2 Rh8 31. Qc5 Rb5 32. Qa7 Qc8 33. Kg1 Qb8 34. Qf2 Qb6 35. Nc3 Qxf2+ 36. Rxf2 Rb6 37. Ra2 Bxh3 38. Bxh3 Rxh3 39. Kg2 Rh8 40. b5 Rc8 41. Ra6 Nd7 42. Rb4 Rb7 43. Rc6 Nb6 44. Na4 Rcb8 45. Nc5 Ra7 46. Na6 Rbb7 47. d6 Nd7 48. Rcxc4 Rb6 49. Rc7 Rab7 50. Rxb7 Rxb7 51. Nc7 Nb6 52. Kf3 Ra7 53. Rb3 Kf8 54. Rd3 Nd7 55. Nd5 Rb7 56. b6 f5 57. Rc3 fxe4+ 58. Kxe4 Nxb6 59. Rb3 Nd7 60. Rxb7 Nc5+ 61. Kxe5 Nxb7 62. d7 Kf7 63. g4 g5 64. Kf5 Nd8 65. Kxg5 Ke6 66. Nf6 Nf7+ 67. Kg6 Ne5+ 68. Kg7 Ke7 69. g5 Nc6 70. g6 Nd8 71. Kh7 1-0

[Event "Vaxjo op"]
[Site "Vaxjo"]
[Date "2023.02.10"]
[Round "3"]
[White "Falkevall, Axel"]
[Black "Abrahamsson, Patrik"]
[Result "1-0"]
[WhiteElo "2299"]
[BlackElo "1939"]
[PlyCount "93"]
[EventDate "2023.02.10"]
[EventType "swiss"]
[EventRounds "8"]
[EventCountry "SWE"]
[SourceTitle "CBM 212 Extra"]
[Source "ChessBase"]
[SourceDate "2023.03.31"]
[SourceVersion "1"]
[SourceVersionDate "2023.03.31"]
[SourceQuality "1"]

1. e4 d5 2. exd5 Nf6 3. d4 Nxd5 4. Nf3 Bg4 5. Be2 e6 6. 0-0 Be7 7. h3 Bh5 8. c4 Nb6 9. Nc3 0-0 10. Be3 N8d7 11. c5 Nd5 12. Nxd5 exd5 13. Qb3 Nf6 14. g4 Bg6 15. Ne5 Rb8 16. h4 h6 17. Nxg6 fxg6 18. Bf3 Kh8 19. g5 Ne4 20. Bxe4 dxe4 21. Qe6 b6 22. c6 Qd6 23. Qxd6 Bxd6 24. gxh6 Bf4 25. hxg7+ Kxg7 26. Kg2 Rf6 27. Rac1 Rh8 28. Rh1 Rh5 29. Rc2 g5 30. Re2 gxh4 31. d5 h3+ 32. Kf1 h2 33. Bxf4 Rxf4 34. d6 cxd6 35. Rc2 Rc5 36. Rxc5 bxc5 37. Rxh2 Rf7 38. Ke2 Kf6 39. Rh4 Ke5 40. Rh5+ Ke6 41. Ke3 d5 42. Rh6+ Ke7 43. c7 Kd7 44. Rc6 Kc8 45. Rxc5 Rxc7 46. Rxd5 Rc2 47. Rd2 1-0

[Event "Vaxjo op"]
[Site "Vaxjo"]
[Date "2023.02.10"]
[Round "1"]
[White "Falkevall, Axel"]
[Black "Garner, Marten"]
[Result "1-0"]
[WhiteElo "2299"]
[BlackElo "1777"]
[PlyCount "67"]
[EventDate "2023.02.10"]
[EventType "swiss"]
[EventRounds "8"]
[EventCountry "SWE"]
[SourceTitle "CBM 212 Extra"]
[Source "ChessBase"]
[SourceDate "2023.03.31"]
[SourceVersion "1"]
[SourceVersionDate "2023.03.31"]
[SourceQuality "1"]

1. d4 d5 2. c4 e6 3. Nf3 Nf6 4. g3 c6 5. Bg2 dxc4 6. 0-0 Nbd7 7. a4 Bd6 8. Nbd2 0-0 9. Nxc4 Bc7 10. Qc2 Re8 11. Rd1 Qe7 12. b3 b6 13. Ba3 c5 14. Ng5 Rb8 15. d5 h6 16. d6 Bxd6 17. Nxd6 hxg5 18. Nxe8 Qxe8 19. Bb2 Ba6 20. Qd2 e5 21. Qxg5 Qe6 22. Qe3 Re8 23. h3 e4 24. a5 Nd5 25. Qg5 N7f6 26. axb6 Bxe2 27. Re1 Bd3 28. bxa7 Ra8 29. Rad1 Qb6 30. Rxd3 exd3 31. Bxd5 Rxa7 32. Bxf6 Qxf6 33. Re8+ Kh7 34. Be4+ 1-0

[Event "Rilton Cup 50th"]
[Site "Stockholm"]
[Date "2022.12.31"]
[Round "5"]
[White "Milikow, Elie"]
[Black "Falkevall, Axel"]
[Result "1-0"]
[WhiteElo "2427"]
[BlackElo "2287"]
[PlyCount "151"]
[EventDate "2022.12.27"]
[EventType "swiss"]
[EventRounds "9"]
[EventCountry "SWE"]
[SourceTitle "CBM 212 Extra"]
[Source "ChessBase"]
[SourceDate "2023.03.31"]
[SourceVersion "1"]
[SourceVersionDate "2023.03.31"]
[SourceQuality "1"]

1. e4 e5 2. Nf3 Nc6 3. Bb5 a6 4. Ba4 Nf6 5. 0-0 Be7 6. Bxc6 dxc6 7. Re1 Bg4 8. b3 Nd7 9. Bb2 f6 10. d4 exd4 11. Bxd4 0-0 12. Nbd2 Bb4 13. c3 c5 14. cxb4 cxd4 15. h3 Bh5 16. g4 Bg6 17. Nxd4 Ne5 18. N2f3 Nxf3+ 19. Nxf3 Qe7 20. Qd5+ Kh8 21. Qc5 Qf7 22. Rac1 c6 23. Rcd1 Rad8 24. Nd4 Rfe8 25. f3 h5 26. Ne2 Qc7 27. Kg2 Bf7 28. Ng3 Rxd1 29. Rxd1 Rd8 30. Qc1 hxg4 31. hxg4 Rd7 32. Nf5 Qd8 33. Rxd7 Qxd7 34. Qc5 Be6 35. Nd6 Kg8 36. Kg3 b6 37. Qd4 Kf8 38. e5 Ke7 39. Qxb6 fxe5 40. Ne4 Bd5 41. Nc5 Qd6 42. Qb7+ Ke8 43. Qxg7 a5 44. a3 axb4 45. axb4 e4+ 46. f4 e3 47. Qh8+ Kf7 48. Qd4 Qe7 49. Nd3 e2 50. Ne5+ Kg8 51. Kf2 Qh7 52. Kxe2 Qc2+ 53. Ke1 Qxb3 54. f5 Qg3+ 55. Kd2 Qg2+ 56. Kc3 Qf1 57. Qe3 Qa1+ 58. Kc2 Qa2+ 59. Kc1 Qa1+ 60. Kd2 Qb2+ 61. Kd1 Qa1+ 62. Ke2 Qb2+ 63. Kf1 Qa1+ 64. Kf2 Kh7 65. Ng6 Qb2+ 66. Qe2 Qd4+ 67. Kg3 Qg1+ 68. Kf4 Qc1+ 69. Qe3 Qf1+ 70. Kg5 Bf7 71. Kf6 Kg8 72. Ne7+ Kf8 73. Qh6+ Ke8 74. Qh8+ Kd7 75. Qc8+ Kd6 76. Qxc6# 1-0

[Event "Rilton Cup 50th"]
[Site "Stockholm"]
[Date "2022.12.30"]
[Round "4"]
[White "Falkevall, Axel"]
[Black "Wagh, Suyog"]
[Result "1-0"]
[WhiteElo "2287"]
[BlackElo "2376"]
[PlyCount "67"]
[EventDate "2022.12.27"]
[EventType "swiss"]
[EventRounds "9"]
[EventCountry "SWE"]
[SourceTitle "CBM 212 Extra"]
[Source "ChessBase"]
[SourceDate "2023.03.31"]
[SourceVersion "1"]
[SourceVersionDate "2023.03.31"]
[SourceQuality "1"]

1. d4 Nf6 2. c4 e6 3. g3 c5 4. d5 exd5 5. cxd5 d6 6. Bg2 g6 7. Nc3 Bg7 8. Nf3 0-0 9. 0-0 Re8 10. Nd2 a6 11. a4 Nbd7 12. h3 Rb8 13. Nc4 Ne5 14. Na3 Nh5 15. Kh2 f5 16. f4 Nf7 17. Nc4 Bd7 18. a5 Bb5 19. Nxb5 axb5 20. Nb6 Nf6 21. Bf3 c4 22. Qe1 Qc7 23. g4 fxg4 24. hxg4 g5 25. Qb4 Qc5 26. Qxc5 dxc5 27. fxg5 Ne4 28. Nd7 Rbd8 29. Nf6+ Nxf6 30. gxf6 Bxf6 31. a6 Ra8 32. a7 Be7 33. Kg2 Nd6 34. g5 1-0

[Event "Rilton Cup 50th"]
[Site "Stockholm"]
[Date "2022.12.29"]
[Round "3"]
[White "Sadekov, Maksim"]
[Black "Falkevall, Axel"]
[Result "0-1"]
[WhiteElo "2113"]
[BlackElo "2287"]
[PlyCount "70"]
[EventDate "2022.12.27"]
[EventType "swiss"]
[EventRounds "9"]
[EventCountry "SWE"]
[SourceTitle "CBM 212 Extra"]
[Source "ChessBase"]
[SourceDate "2023.03.31"]
[SourceVersion "1"]
[SourceVersionDate "2023.03.31"]
[SourceQuality "1"]

1. d4 Nf6 2. c4 g6 3. Nc3 Bg7 4. e4 d6 5. Be2 0-0 6. Bg5 c5 7. d5 h6 8. Bf4 e6 9. Qd2 exd5 10. exd5 Kh7 11. Nf3 Bf5 12. 0-0 Ne4 13. Nxe4 Bxe4 14. Ne1 Qe7 15. f3 Bf5 16. Bd3 Bxd3 17. Nxd3 Nd7 18. Rae1 Qf6 19. Re4 Rfe8 20. Rfe1 Rxe4 21. Rxe4 b5 22. b3 bxc4 23. bxc4 Rb8 24. Kf2 Rb1 25. Qe2 Qa1 26. Re7 Nf6 27. Rxf7 Rh1 28. Kg3 Nh5+ 29. Kh3 Kg8 30. Re7 Qf6 31. Re8+ Kh7 32. g3 Rg1 33. Qd2 Qf5+ 34. g4 Qxd3 35. gxh5 Qf5+ 0-1

[Event "EU-ch U16 30th"]
[Site "Antalya"]
[Date "2022.11.11"]
[Round "6"]
[White "Klimkowski, Jan"]
[Black "Falkevall, Axel"]
[Result "1-0"]
[WhiteElo "2441"]
[BlackElo "2243"]
[PlyCount "100"]
[EventDate "2022.11.06"]
[EventType "swiss"]
[EventRounds "9"]
[EventCountry "TUR"]
[SourceTitle "CBM 211 Extra"]
[Source "ChessBase"]
[SourceDate "2023.01.31"]
[SourceVersion "1"]
[SourceVersionDate "2023.01.31"]
[SourceQuality "1"]

1. e4 c5 2. Nf3 d6 3. d4 cxd4 4. Nxd4 Nf6 5. Nc3 a6 6. Bg5 e6 7. Qf3 Nbd7 8. 0-0-0 Qc7 9. Qg3 b5 10. Bd3 Be7 11. Rhe1 Bb7 12. Nd5 exd5 13. exd5 Kd8 14. Rxe7 Kxe7 15. Nf5+ Kd8 16. Nxd6 Bxd5 17. Bf5 Qc6 18. Bxd7 Kxd7 19. Nxf7 Rhe8 20. Ne5+ Rxe5 21. Qxe5 Re8 22. Qd4 Ke6 23. Bxf6 gxf6 24. Qg4+ Kd6 25. Qf5 Qc4 26. b3 Qe4 27. Qxf6+ Kc7 28. Qxa6 Ra8 29. Qxb5 Rxa2 30. Qc5+ Bc6 31. Kb1 Ra8 32. Qd6+ Kb7 33. f3 Qe3 34. Qb4+ Kc7 35. Re1 Qa7 36. Qf4+ Kc8 37. Qf8+ Kc7 38. Qf4+ Kc8 39. Qf5+ Kb8 40. Qe5+ Kc8 41. Qh8+ Kc7 42. Qxh7+ Bd7 43. Qg7 Qa2+ 44. Kc1 Ra6 45. Qb2 Qxb2+ 46. Kxb2 Rh6 47. h3 Bc6 48. c4 Rg6 49. Re2 Rg3 50. Kc3 Rg8 1-0

[Event "EU-ch U16 30th"]
[Site "Antalya"]
[Date "2022.11.08"]
[Round "3"]
[White "Ohanyan, Emin"]
[Black "Falkevall, Axel"]
[Result "0-1"]
[WhiteElo "2377"]
[BlackElo "2243"]
[PlyCount "48"]
[EventDate "2022.11.06"]
[EventType "swiss"]
[EventRounds "9"]
[EventCountry "TUR"]
[SourceTitle "CBM 211 Extra"]
[Source "ChessBase"]
[SourceDate "2023.01.31"]
[SourceVersion "1"]
[SourceVersionDate "2023.01.31"]
[SourceQuality "1"]

1. d4 Nf6 2. c4 g6 3. Nc3 Bg7 4. e4 d6 5. f4 0-0 6. Nf3 c5 7. d5 e6 8. Be2 exd5 9. cxd5 Nbd7 10. 0-0 Re8 11. Qc2 a6 12. a4 c4 13. Bxc4 Nc5 14. e5 Bf5 15. Qe2 Nfd7 16. b4 dxe5 17. bxc5 exf4 18. Qf2 Bxc3 19. Ra2 Nxc5 20. Bxf4 Ne4 21. Qh4 Bf6 22. Qe1 Nc3 23. Qd2 Rc8 24. Rb2 Rxc4 0-1

[Event "Uppsala Young Champions 9th"]
[Site "Uppsala"]
[Date "2022.11.02"]
[Round "9"]
[White "Falkevall, Axel"]
[Black "Pajeken, Jakob Leon"]
[Result "0-1"]
[WhiteElo "2243"]
[BlackElo "2461"]
[PlyCount "66"]
[EventDate "2022.10.28"]
[EventType "swiss"]
[EventRounds "9"]
[EventCountry "SWE"]
[SourceTitle "EXT 2024"]
[Source "ChessBase"]
[SourceDate "2023.10.10"]
[SourceVersion "1"]
[SourceVersionDate "2023.10.10"]
[SourceQuality "1"]

1. d4 d5 2. c4 e6 3. Nf3 Nf6 4. g3 dxc4 5. Bg2 Bd7 6. Ne5 Bc6 7. Nxc6 Nxc6 8. 0-0 Qd7 9. e3 Rd8 10. Qe2 Bd6 11. Qxc4 e5 12. Rd1 exd4 13. exd4 0-0 14. Nc3 h6 15. a3 Na5 16. Qa2 b5 17. b4 Nc4 18. Bf1 c6 19. Bxc4 bxc4 20. Qxc4 Rfe8 21. Bb2 Bc7 22. Rac1 Bb6 23. Na4 Qf5 24. Qf1 Ne4 25. Nxb6 axb6 26. Rxc6 Qd5 27. Qc4 Qh5 28. Qb3 Nxf2 29. Rf1 Nh3+ 30. Kh1 Re2 31. g4 Qxg4 32. Qxf7+ Kh7 33. Qf3 Nf2+ 0-1